Online
Catalog

Las reglas del método sociológico / (Record no. 10577)

MARC details
000 -CABECERA
campo de control de longitud fija 01285nam a2200265 a 4500
001 - NÚMERO DE CONTROL
campo de control 000010828
003 - IDENTIFICADOR DEL NÚMERO DE CONTROL
campo de control DO-SdBNP
005 - FECHA Y HORA DE LA ÚLTIMA TRANSACCIÓN
campo de control 20210824140247.0
008 - DATOS DE LONGITUD FIJA--INFORMACIÓN GENERAL
campo de control de longitud fija 091012s1985 dr 001 0 spa d
040 ## - FUENTE DE LA CATALOGACIÓN
Centro catalogador/agencia de origen DO-SdBNP
Lengua de catalogación spa
Centro/agencia transcriptor BNPHU
082 #4 - NÚMERO DE LA CLASIFICACIÓN DECIMAL DEWEY
Número de clasificación 300.72
Número de documento/Ítem D963r
Número de edición 22
100 1# - ENTRADA PRINCIPAL--NOMBRE DE PERSONA
Nombre de persona Durkheim, Emile
9 (RLIN) 26152
240 ## - TÍTULO UNIFORME
Título uniforme Les regles de la methode sociologique
Lenguaje de la obra Español
245 14 - MENCIÓN DE TÍTULO
Título Las reglas del método sociológico /
Mención de responsabilidad, etc. Emile Durkheim; traducción Anibal Leal.
260 ## - PUBLICACIÓN, DISTRIBUCIÓN, ETC.
Lugar de publicación, distribución, etc. Santo Domingo :
Nombre del editor, distribuidor, etc. Alfa y Omega,
Fecha de publicación, distribución, etc. 1985.
300 ## - DESCRIPCIÓN FÍSICA
Extensión 157 p. ;
Dimensiones 19 cm.
500 ## - NOTA GENERAL
Nota general Incluye referencias bibliográficas y notas al pie de las páginas
505 ## - NOTA DE CONTENIDO CON FORMATO
Nota de contenido con formato ¿Qué es un hecho social? 29|Reglas relacionadas con la observación de los hechos sociales 40|Reglas relacionadas con la distinción entre lo normal y lo patológico 68|Reglas relacionadas con la constitución de los tipos sociales 94|Reglas acerca de la explicación de los hechos sociales 106|Reglas relacionadas con la administración de la prueba 137
534 ## - NOTA SOBRE LA VERSIÓN ORIGINAL
Frase introductoria Título del original francés
Mención de título del original Les regle de la methode sociologique
590 ## - NOTA LOCAL (RLIN)
Nota local Inventariado, 2021/MFF
650 #4 - PUNTO DE ACCESO ADICIONAL DE MATERIA--TÉRMINO DE MATERIA
Término de materia o nombre geográfico como elemento de entrada Sociología
Subdivisión general Metodología
9 (RLIN) 4575
700 1# - PUNTO DE ACCESO ADICIONAL--NOMBRE DE PERSONA
Nombre de persona Leal, Anibal,
Término indicativo de función/relación trad.
9 (RLIN) 4573
910 ## - DATOS DE OPCIÓN DEL USUARIO (OCLC)
Datos de opción del usuario Validado. Control de calidad MFF
942 ## - ELEMENTOS DE PUNTO DE ACCESO ADICIONAL (KOHA)
Fuente del sistema de clasificación o colocación Dewey Decimal Classification
Tipo de ítem Koha Libro
Holdings
Estado de retiro Estado de pérdida Fuente del sistema de clasificación o colocación Restricciones de uso No para préstamo Código de colección Localización permanente Ubicación/localización actual Ubicación en estantería Fecha de adquisición Total de préstamos Signatura topográfica completa Código de barras Fecha visto por última vez Precio válido a partir de Tipo de ítem Koha Número de copia
    Dewey Decimal Classification Excluido de préstamo Excluido de préstamo Patrimonio Dominicano Biblioteca Nacional Pedro Henríquez Ureña Patrimonio Dominicano Depósito 12.10.2009   BNPHU PD 300.72 D963r 10828-10 25.06.2020 25.06.2020 Libro y Folleto Colección Patrimonio Dominicano  
    Dewey Decimal Classification Préstamo restringido Préstamo restrigido Patrimonio Dominicano Biblioteca Nacional Pedro Henríquez Ureña Patrimonio Dominicano Depósito 17.08.2021   BNPHU PD 300.72 D963r 2021-25439 17.08.2021 17.08.2021 Libro y Folleto Colección Patrimonio Dominicano e.2

Powered by Koha